| 000 | 00639nam a22001931a 4500 | ||
|---|---|---|---|
| 001 | 18245 | ||
| 003 | OSt | ||
| 005 | 20260204212356.0 | ||
| 008 | 170513s2005||||ck ||||||b||||||||||spa|| | ||
| 020 | _a9588085608 | ||
| 082 | _a333.7 B63h | ||
| 100 | _aBoada Ortíz, Alejandro | ||
| 245 | _aNegocios y sosteniblidad: más allá de la gestión ambiental / Alejandro Boada Ortíz, Sinora Rocchi; Michael Kuhndt; (Compilador) | ||
| 264 | _aBogotá: Politécnico Grincolombino | ||
| 300 | _a156 p. | ||
| 650 | _a1.GESTIÓN AMBIENTAL 2.DESARROLLO SOSTENIBLE | ||
| 700 | _aI.Rocchi Simona II.Michael Kuhndt (Compilador)Ì | ||
| 942 |
_2ddc _cBK |
||
| 999 |
_c18245 _d18245 |
||